LEADER 01002nam a2200241 i 4500 001 000000156766 003 CaOOAMICUS 005 20061213000000.0 008 061213n it u000 u por u 013 $a134121 040 $aSeMil$bita 100 1 $aMacedo, Diogo : de.$0(OLS)http://semarc/name/61250 245 10$aPresépios portugueses /$cDiogo de Macedo ; fotos de Mario Novais e Domingos Bertrand. 260 $a[S.l.] :$bArtis,$c[19-?] 300 $a25 p., 38 p. di tav. ;$c31 cm. 500 $aIn preliminari : dedica a Sua Ecc. Mons. G. B. Montini. 650 4$aPortogallo.$0(OLS)http://semarc/subject/3306 700 1 $aBertrand, Dominique .$0(OLS)http://semarc/name/85075 700 1 $aNovais, Mario.$0(OLS)http://semarc/name/61251 850 $aSeMil 852 $aSeMil$W1$xVenegono$y1$m5N XVI 41$j108515$B108515$CSeMilBibl$Z2$F118078 $8I 996 $6245$aPresépios portugueses$9(OLS)http://semarc/title/229820 996 $6260$a[S.l.] :$bArtis$9(OLS)http://semarc/publisher/48334 LEADER 01613nam a2200313 4500 001 000000343658 003 CaOOAMICUS 005 20210128104215.0 008 210111s2020 it a 000 u ita r 020 $a978-88-99515-32-4 040 $aSeMil$bita 245 04$aUna presenza per una speranza affidabile :$bl'identità dell'Hospice cattolico e di ispirazione cristiana /$cdocumento a cura del Tavolo di lavoro degli Hospice cattolici e di ispirazione cristiana. 264 1$aSavona :$bEditoriale Romani,$c2020. 300 $a77 p. :$bill. ;$c20 cm 490 1 $aPercorsi di pastorale della salute 541 0 $aOmaggio mons. Mario Delpini (3XA I 6) 650 4$aSanità.$0(OLS)http://semarc/subject/9152 650 4$aSperanza - Concezione cristiana.$0(OLS)http://semarc/subject/45430 650 4$aHospice cattolici e di ispirazione cristiana.$0(OLS)http://semarc/subject/49825 710 0 $aTavolo di lavoro degli Hospice cattolici e di ispirazione cristiana.$0(OLS)http://semarc/name/112744 830 0$aPercorsi di pastorale della salute ;$v3.$0(OLS)http://semarc/title/432677 850 $aSeMil 852 $aSeMil$W1$xVenegono$y1$m3XA I 6$j223884$B234683$CSeMilBibl$Z2$F234683 $81 941 1 $a7 961 $aOmaggio mons. Mario Delpini 996 $6020$a978-88-99515-32-4$9(OLS)http://semarc/number/292016 996 $6245$aUna presenza per una speranza affidabile :$bl'identità dell'Hospice cattolico e di ispirazione cristiana$9(OLS)http://semarc/title/432675 996 $6264$aSavona :$bEditoriale Romani$9(OLS)http://semarc/publisher/59462